000 00704nam a22002057a 4500
005 20170823171016.0
010 _aENG-120031
020 _a9789385932380
_c695.00
035 _aEN-103563
037 _bDBAD/PUB
082 _a920.00954
245 _aSpeaking of the self :
_bgender,performance,and autobiography in South Asia/
_cedited by Anshu Malhotra [and] Siobhan lambert-Hurley
260 _aNew Delhi
_bZuban
_c2015
270 _a128,B,Shahpur Jat,Ist floor
_bNew Delhi
_e110049
300 _a312p.
_c23cm(Hb)
500 _aIncludes bibliographical references and index
700 _aMalhotra,Anshu
700 _alambert-Hurley,Siobhan
942 _2ddc
_cEN
_h920.00954
_mSPE
999 _c143733
_d143733